World War I / (Record no. 5779)

MARC details
000 -LEADER
fixed length control field 00762nam a22002537a 4500
001 - CONTROL NUMBER
control field 5779
003 - CONTROL NUMBER IDENTIFIER
control field FISKH
005 - DATE AND TIME OF LATEST TRANSACTION
control field 20250122151334.0
008 - FIXED-LENGTH DATA ELEMENTS--GENERAL INFORMATION
fixed length control field 250121b cb ||||| |||| 00| 0 eng d
020 ## - INTERNATIONAL STANDARD BOOK NUMBER
International Standard Book Number 9780531249123
040 ## - CATALOGING SOURCE
Original cataloging agency FISKH
Language of cataloging eng
Transcribing agency FISKH
Modifying agency FISKH
050 ## - LIBRARY OF CONGRESS CALL NUMBER
Classification number D522.P397
082 ## - DEWEY DECIMAL CLASSIFICATION NUMBER
Classification number 940.4
100 ## - MAIN ENTRY--PERSONAL NAME
Personal name Perritano, John
245 ## - TITLE STATEMENT
Title World War I /
Statement of responsibility, etc. by John Perritano
260 ## - PUBLICATION, DISTRIBUTION, ETC.
Place of publication, distribution, etc. New York :
Name of publisher, distributor, etc. Scholastic ,
Date of publication, distribution, etc. 2010.
300 ## - PHYSICAL DESCRIPTION
Extent 32 pages :
Other physical details color illustrations ;
Dimensions 24 cm .
490 ## - SERIES STATEMENT
Series statement America at War
520 ## - SUMMARY, ETC.
Summary, etc. Briefly covers WWI from beginning to end and includes many photographs from the war.
650 ## - SUBJECT ADDED ENTRY--TOPICAL TERM
Topical term or geographic name entry element World War, 1914-1918
Form subdivision Juvenile literature
700 ## - ADDED ENTRY--PERSONAL NAME
Personal name Cohn, Jessica
Relator term editor
942 ## - ADDED ENTRY ELEMENTS (KOHA)
Source of classification or shelving scheme Dewey Decimal Classification
Koha item type Books
Suppress in OPAC No
Holdings
Withdrawn status Lost status Source of classification or shelving scheme Damaged status Not for loan Collection Home library Current library Shelving location Date acquired Total Checkouts Full call number Barcode Date last seen Price effective from Koha item type
    Dewey Decimal Classification     Non-Fiction Footprints International School Library Network Toul Kork Campus Footprints International School Library Network Toul Kork Campus TTP Secondary Non-Fiction Bookshelves 01/21/2025   PER 940.4 D522.P397 FISSE01195 01/21/2025 01/21/2025 Books